عرض عادي
عرض مارك
- Computer security.
مدخل مصطلح موضوعي
001 - رقم الضبط
- حقل الضبط: 58506
003 - معرف رقم الضبط
- حقل الضبط: OSt
005 - تاريخ ووقت أخر عملية
- حقل الضبط: 20170803213445.0
008 - عناصر بيانات ثابتة الطول
- حقل تحكم ثابت الطول: 170803|| aca||aabn | a|a d
040 ## - مصدر الفهرسة
- هيئة الفهرسة الأصلية: OSt
- وكالة الكتابة: OSt
150 ## - مدخل-- مصطلح تاريخي
- عنصر مدخل المصطلح الموضوعي او الاسم الجغرافي: Computer security.
670 ## - بيانات المصدر موجوده
- الاستشهاد بالمصدر: Work cat.: (OSt)0: Howard, Michael, 1965- 58505, 24 deadly sins of software security :, c2010.
